Funcionamiento del Software Asterisk para la telefonía de voz sobre IP

Se realiza un estudio de los protocolos de voz sobre IP. Conocer los protocolos IP, comprender la estructura de la tecnología de VoIP, determinar la importancia de los Codecs en VoIP. Además, el crecimiento y fuerte implantación de las redes IP, en especial Internet el desarrollo de las técni...

Full description

Bibliographic Details
Main Author: Flores Calderón, Ramiro
Other Authors: Tutor: Dalla-Torre Parrales, Cedrick Elksnher
Format: Tesis Section = Libro
Language:Undetermined
Spanish
Published: Managua UNI 2011
Subjects:
LEADER 01289nam a2200241Ia 4500
008 240830s9999 xx 000 0 und d
040 |a BIBLIOTECA-RUSB/ T.Mon 621.385 F634 
041 |a spa 
082 |a T.Mon 621.385 F634 
100 1 |a Flores Calderón, Ramiro 
245 1 0 |a Funcionamiento del Software Asterisk para la telefonía de voz sobre IP 
260 |a Managua  |b UNI  |c 2011 
300 |a 29 p. :il. 
502 |a Tesis (Ingeniero Electrónico) - UNI, 2011. 
520 3 |a Se realiza un estudio de los protocolos de voz sobre IP. Conocer los protocolos IP, comprender la estructura de la tecnología de VoIP, determinar la importancia de los Codecs en VoIP. Además, el crecimiento y fuerte implantación de las redes IP, en especial Internet el desarrollo de las técnicas avanzadas de digitalización de voz, mecanismos de control y priorización de tráfico, protocolos de transmisión en tiempo real, así como estándares que permiten la calidad de servicio en redes IP, han creado un entorno donde es posible transmitir voz sobre IP. 
650 7 |a REDES TELEFONICAS 
650 7 |b  PROTOTIPO IP 
650 7 |c  INTERNET 
650 7 |d  TELEFONIA VOIP 
700 1 |a Tutor:  |b Dalla-Torre Parrales, Cedrick Elksnher 
942 |c BK  |2 ddc 
991 |a TESIS 
999 |c 21865